000 00374nam a2200145Ia 4500
005 20250729165738.0
008 250729s2014 xx 000 0 und d
041 _aeng
082 _a420.25 ELIT
100 _aMrs.Elizabeth p christan
_9231975
245 _aTeaching of English
260 _aNew Delhi
_bA P H PUBLISHING
_c2014
300 _a99p
650 _aEnglish
_9231976
999 _c239551
_d239551